00485nam a2200145Ia 4500008004100000041000800041082001700049100001800066245003900084260003300123300003200156365001100188999001700199952012300216240624s9999 xx 000 0 und d aeng a658.1599 SAT aSATHYE MILIND aINTERNATIONAL FINANCIAL MANAGEMENT c2012aNew DelhibWIley India axxiv, : 495 : p. : cm. ; 23 cRSb31 c20950d20950 00104070aIMTNbIMTNcRack 25-Bd2013-01-31eAPg589.00o658.1599 SATp20950r2024-06-24 00:00:00t1w2024-06-24yBK